<?xml version="1.0" encoding="UTF-8"?><?xml-stylesheet type="text/xsl" href="static/style.xsl"?><OAI-PMH xmlns="http://www.openarchives.org/OAI/2.0/" xmlns:xsi="http://www.w3.org/2001/XMLSchema-instance" xsi:schemaLocation="http://www.openarchives.org/OAI/2.0/ http://www.openarchives.org/OAI/2.0/OAI-PMH.xsd"><responseDate>2026-04-14T13:26:46Z</responseDate><request verb="GetRecord" identifier="oai:uvadoc.uva.es:10324/82012" metadataPrefix="marc">https://uvadoc.uva.es/oai/request</request><GetRecord><record><header><identifier>oai:uvadoc.uva.es:10324/82012</identifier><datestamp>2026-03-23T12:13:58Z</datestamp><setSpec>com_10324_1142</setSpec><setSpec>com_10324_931</setSpec><setSpec>com_10324_894</setSpec><setSpec>col_10324_1258</setSpec></header><metadata><record xmlns="http://www.loc.gov/MARC21/slim" xmlns:doc="http://www.lyncode.com/xoai" xmlns:xsi="http://www.w3.org/2001/XMLSchema-instance" xmlns:dcterms="http://purl.org/dc/terms/" xsi:schemaLocation="http://www.loc.gov/MARC21/slim http://www.loc.gov/standards/marcxml/schema/MARC21slim.xsd">
<leader>00925njm 22002777a 4500</leader>
<datafield tag="042" ind1=" " ind2=" ">
<subfield code="a">dc</subfield>
</datafield>
<datafield tag="720" ind1=" " ind2=" ">
<subfield code="a">Marqués Jimenez, Diego</subfield>
<subfield code="e">author</subfield>
</datafield>
<datafield tag="720" ind1=" " ind2=" ">
<subfield code="a">Quílez-Larrayad, Pablo</subfield>
<subfield code="e">author</subfield>
</datafield>
<datafield tag="720" ind1=" " ind2=" ">
<subfield code="a">Izquierdo Velasco, José María</subfield>
<subfield code="e">author</subfield>
</datafield>
<datafield tag="260" ind1=" " ind2=" ">
<subfield code="c">2025</subfield>
</datafield>
<datafield tag="520" ind1=" " ind2=" ">
<subfield code="a">Purpose : The aim of this study was to determine the influence of prematch perceived wellness on high-intensity locomotor activities of professional soccer players during in-season matches. Methods : Twenty male soccer players (26.74 [3.27] y; 179.77 [6.06] cm; 76.72 [9.33] kg), members of a professional soccer team, participated in this longitudinal study. Data collection was conducted during the competitive period of 1 season and involved the 34 league official matches. Perceived wellness was assessed individually 3 hours before each match using a 5-point Likert questionnaire, and external loads during matches were monitored using global navigation satellite system devices. Each wellness item (ie, fatigue, delayed-onset muscle soreness [DOMS], sleep, and stress) was considered as an individual wellness component and analyzed as raw score, team z score, and individualized z score. Different random forest regression models and linear mixed models were carried out for statistical analysis. Results : Individualized z scores should be considered the most important variables to estimate the proportion of external-load variation during match play, but the proportion of the variance that may be explained from the prematch perceived wellness suggests a limited capacity in relation to external-load measures. Only individualized z scores of DOMS showed significant effects on sprint running distance (>24.0 km·h −1 ) and number of sprints (>24.0 km·h −1 ) during matches ( P &lt; .05). Conclusions : Sprint performance of professional soccer players during in-season matches may be slightly influenced by the players’ day-to-day variation of prematch perceived DOMS.</subfield>
</datafield>
<datafield tag="024" ind2=" " ind1="8">
<subfield code="a">Marqués-Jiménez, D., Quílez-Larrayad, P., &amp; Izquierdo, J. M. (2025). Influence of Prematch Perceived Wellness on High-Intensity Locomotor Activities of Professional Soccer Players During in-Season Matches. International Journal of Sports Physiology and Performance, 20(2), 192-199. https://doi.org/10.1123/ijspp.2024-0249</subfield>
</datafield>
<datafield tag="024" ind2=" " ind1="8">
<subfield code="a">1555-0265</subfield>
</datafield>
<datafield tag="024" ind2=" " ind1="8">
<subfield code="a">https://uvadoc.uva.es/handle/10324/82012</subfield>
</datafield>
<datafield tag="024" ind2=" " ind1="8">
<subfield code="a">10.1123/ijspp.2024-0249</subfield>
</datafield>
<datafield tag="024" ind2=" " ind1="8">
<subfield code="a">192</subfield>
</datafield>
<datafield tag="024" ind2=" " ind1="8">
<subfield code="a">2</subfield>
</datafield>
<datafield tag="024" ind2=" " ind1="8">
<subfield code="a">199</subfield>
</datafield>
<datafield tag="024" ind2=" " ind1="8">
<subfield code="a">International Journal of Sports Physiology and Performance</subfield>
</datafield>
<datafield tag="024" ind2=" " ind1="8">
<subfield code="a">20</subfield>
</datafield>
<datafield tag="024" ind2=" " ind1="8">
<subfield code="a">1555-0273</subfield>
</datafield>
<datafield tag="245" ind1="0" ind2="0">
<subfield code="a">Influence of prematch perceived wellness on high-intensity locomotor activities of professional soccer players during in-season matches</subfield>
</datafield>
</record></metadata></record></GetRecord></OAI-PMH>